Olympics Women Handball Top 4 Positions - Statistics

General Stats
  • This quiz has been taken 268 times
    208 since last reset
  • The average score is 15 of 19
Answer Stats
Answer % Correct
Sweden
97%
Denmark
95%
France
95%
Norway
94%
Russia
92%
Spain
91%
West Germany
91%
Germany
88%
Netherlands
83%
Soviet Union
79%
Yugoslavia
77%
Hungary
75%
South Korea
73%
Romania
71%
China
60%
East Germany
57%
Ukraine
51%
Montenegro
48%
Unified Team
46%
No matching quizzes found
Score Distribution
Percent of People with Each Score
Percentile by Number Answered
Your Score History
You have not taken this quiz since the last reset